| 000 | 00644nam a2200205 u 4500 | ||
|---|---|---|---|
| 005 | 20240928063753.0 | ||
| 008 | 090629s2006 ag r 000 0 spa d | ||
| 020 | _a9872302200 (10 dígitos) | ||
| 020 | _a9789872302207 (13 dígitos) | ||
| 035 | _aUPN01000171530 | ||
| 049 | _aCG | ||
| 050 | 4 |
_aHD30.28 _bA9.3 |
|
| 100 | 1 | _aAudisio, Nelson José | |
| 245 | 1 | 0 |
_aGestión por beneficios : _bnuevas herramientas de gestión / _cNelson José Audisio. |
| 260 |
_aCórdoba, Arg. : _bBrujas, _c2006. |
||
| 300 |
_a247 p. : _bgráfs. |
||
| 650 | 4 |
_aPlanificación estratégica _91106 |
|
| 650 | 4 |
_aEmpresas _xAdministración _9229 |
|
| 905 | _aLibro | ||
| 999 |
_c143635 _d143635 |
||